Classroom instruction and management / (Record no. 8422)
[ view plain ]
| 000 -LEADER | |
|---|---|
| fixed length control field | 00739cam a2200169 a 4500 |
| 020 ## - INTERNATIONAL STANDARD BOOK NUMBER | |
| ISBN | 0070030820 (alk. paper) |
| 050 00 - CALL NUMBER | |
| Classification number | LB1025.3 |
| Item number | .A 3 |
| 100 1# - AUTHOR | |
| Personal name | Arends, Richard. |
| 245 10 - TITLE | |
| Title | Classroom instruction and management / |
| Statement of responsibility, etc | Richard I. Arends. |
| 260 ## - PUBLICATION INFORMATION | |
| Place of publication | New York : |
| Name of publisher | McGraw-Hill Companies, |
| Year of publication | c1997. |
| 300 ## - DESCRIPTION | |
| Number of Pages | xix, 307 p. : |
| Other physical details | ill. ; |
| Dimensions | 24 cm. |
| 500 ## - NOTES | |
| General note | Includes bibliographic references and index |
| 505 ## - FORMATTED CONTENTS NOTE | |
| Table of Content | Chapter 1 Classroom teaching: A demanding job in a complex setting<br/>Chapter 2 Direct instruction <br/>Chapter 3 Cooperative learning<br/>Chapter 4 Problem-based instruction<br/>Chapter 5 Classroom discussion<br/>Chapter 6 Learning and studying strategies |
| 650 #0 - SUBJECTS | |
| Topical Term | Teaching. |
| 650 #0 - SUBJECTS | |
| Topical Term | Classroom management. |
| 942 ## - ADDED ENTRY ELEMENTS (KOHA) | |
| Koha item type | Books |
| Withdrawn status | Lost status | Collection code | Home library | Current library | Shelving location | Date acquired | Source of acquisition | Full call number | Accession Number | Koha item type |
|---|---|---|---|---|---|---|---|---|---|---|
| Reference | Methodist University Library Main | Methodist University Library Main | General Stacks | 10/12/2024 | Donation | LB1025.3 .A 3 | 8951 | Books |